000 00710nam a2200241Ia 4500
003 OSt
005 20220926001433.0
006 a|||||r|||| 00| 0
007 ta
008 220923b |||||||| |||| 00| 0 eng d
037 _cGeneral Book
040 _aRTL
_cRTL
_beng
041 _2eng
_aeng
082 _aX93.2.N78<N77t, L8/GD
110 _aINDIA, LOK SABHA
_998267
245 0 _aCommittee on public undertaking 1977-78
_b Fourth report.
260 _a New Delhi
_bLok Sabha secretariat
_c1978
300 _avi,47p.
_ccm.
500 _aAppendix :24-47p.
700 _aINDIA, LOK SABHA
_998268
942 _hX93.2.N78<N77t, L8/GD
_cGB
_2CC
999 _c601556
_d601556